000
00298nam a22001337a 4500
008
181106b xxu||||| |||| 00| 0 eng d
020
_a
9780871012821
041
_a
eng
080
_a
316
100
_a
50
101
_a
SOC
245
_a
Social Work Carer Development
_c
Carol.N
942
_2
udc
_c
BK
999
_c
52039
_d
52039